| 000 | 01346nas a2200313 i 4500 | ||
|---|---|---|---|
| 001 | 46578 | ||
| 003 | DR-UNIBE | ||
| 005 | 20250612152714.0 | ||
| 007 | ta | ||
| 008 | 250612e2024 dr a||p|r||||||0| | spa d | ||
| 040 |
_cBiblioteca UNIBE _aBiblioteca UNIBE _bspa _dDO-SdBNP _erda |
||
| 041 | _aspa | ||
| 245 | _aTurismo dominicano | ||
| 246 | _aRevista de turismo dominicano. | ||
| 264 |
_aSanto Domingo, República Dominicana : _bAsociación Dominicana de Prensa Turística (ADOMPRETUR), _c2024. |
||
| 300 |
_avolumen : _bilustraciones, fotografías ; _c25 x 30 cm. |
||
| 310 | _aAnual. | ||
| 336 |
_atexto _btxt _2rdacontent |
||
| 337 |
_asin mediación _bn _2rdamedia |
||
| 338 |
_avolumen _bnc _2rdacarrier |
||
| 362 | _aAño. 3, Número 3 (2024). | ||
| 520 | _aLa Asociación Dominicana de Prensa Turística (Adompretur) es una institución profesional creada el 27 de septiembre del 1977, por un grupo de comunicadores y profesionales visionarios y con mucha fe en el valor turístico que tiene nuestro país. | ||
| 650 |
_aTurismo _994897 _zRepública Dominicana |
||
| 650 |
_aPromoción de turismo _zRepública Dominicana _9144501 |
||
| 650 |
_aPolítica de turismo _zRepública Dominicana _9144503 |
||
| 650 |
_aIndustrias de servicios _998 _zRepública Dominicana |
||
| 655 | 0 |
_aPublicaciones periódicas _987420 |
|
| 942 |
_2ddc _cISSUE |
||
| 999 |
_c59260 _d59260 |
||